| 000 | 00608nam a22002177a 4500 | ||
|---|---|---|---|
| 999 |
_c3925 _d3925 |
||
| 003 | AR-CdUCM | ||
| 008 | 190307b ||||| |||| 00| 0 spa d | ||
| 040 |
_aMUNICIPALIDAD PROVINCIAL DEL CUSCO _cBIBLIOTECA MUNICIPAL DEL CUSCO |
||
| 041 | _hfre | ||
| 082 |
_a850 / _bP31 |
||
| 100 |
_aPavase, Cesare _912580 |
||
| 245 | _aDe tu tierra el camarada | ||
| 260 |
_aBarcelona : _bBruguera, _c1980. |
||
| 300 |
_a282 páginas ; _c18 cm. |
||
| 650 |
_aNovela _95 |
||
| 650 |
_aFicción _9184 |
||
| 650 |
_aLiteratura _983 |
||
| 700 |
_aTraducción Esther Benitez _912581 |
||
| 942 |
_2ddc _cLIBROS |
||
| 945 | _admma | ||